000 00441nam a2200169Ia 4500
005 20250423100455.0
008 250422s9999 xx 000 0 und d
020 _a0815165188
050 _aRD 137 .P42/
245 0 _aPediatric surgery.
250 _a5th ed.
260 _aPhiladelphia
260 _bMosby/Elsevier,
260 _c1998
650 _a Children - Surgery Surgical Procedures, Operative Child Infant
942 _cBK
999 _c33417
_d33417